Pays d'Afrique par densité de population - Statistiques

Statistiques générales
  • Ce quiz a été pris 49 fois
  • Le résultat moyen est 30 sur 54
Statistiques - réponses
# Densité (hab./km2) Réponse % Correct
1 630 Maurice
96%
3 426 Burundi
88%
2 483 Rwanda
88%
4 324 Comores
79%
5 232 Nigeria
75%
6 211 Sao Tomé-et-Principe
71%
15 104 Égypte
67%
16 96 Éthiopie
67%
10 172 Ouganda
67%
11 152 Togo
67%
14 112 Bénin
63%
8 192 Gambie
63%
13 123 Ghana
63%
54 3 Namibie
63%
35 43 République démocratique du Congo
63%
7 211 Seychelles
63%
12 145 Cap-Vert
58%
18 82 Côte d'Ivoire
58%
27 51 Guinée
58%
21 72 Kenya
58%
52 4 Libye
58%
9 178 Malawi
58%
32 48 Maroc
58%
53 4 Mauritanie
58%
19 82 Sénégal
58%
42 18 Algérie
54%
51 4 Botswana
54%
34 46 Madagascar
54%
46 16 Mali
54%
25 62 Tanzanie
54%
48 13 Tchad
54%
39 26 Angola
50%
47 15 Congo
50%
28 50 Érythrée
50%
29 50 Guinée équatoriale
50%
33 46 Liberia
50%
38 34 Mozambique
50%
43 18 Niger
50%
44 18 Somalie
50%
22 72 Tunisie
50%
36 40 Djibouti
46%
31 48 Guinée-Bissau
46%
24 63 Lesotho
46%
17 92 Sierra Leone
46%
45 17 Soudan du Sud
46%
30 48 Afrique du Sud
42%
20 76 Burkina Faso
42%
26 58 Cameroun
42%
23 64 Eswatini
42%
50 8 Gabon
42%
49 10 République centrafricaine
42%
40 23 Soudan
42%
41 20 Zambie
42%
37 37 Zimbabwe
42%
Aucun quiz correspondant
Distribution des résultats
% des personnes avec chaque résultat
Percentile par nombre de réponses
Votre historique - résultats
Vous n’avez pas pris ce quiz